The Evolving Role of World Bank (Record no. 6840)

000 -LEADER
fixed length control field 00402nam a22001217a 4500
008 - FIXED-LENGTH DATA ELEMENTS--GENERAL INFORMATION
fixed length control field 200331b ||||| |||| 00| 0 eng d
100 ## - MAIN ENTRY--PERSONAL NAME
Personal name EDWARD, Sebastian
245 ## - TITLE STATEMENT
Title The Evolving Role of World Bank
Remainder of title The Latin American Debt Crisis
Statement of responsibility, etc. Sebastian Edward
Medium English
260 ## - PUBLICATION, DISTRIBUTION, ETC. (IMPRINT)
Place of publication, distribution, etc. Washngton
Name of publisher, distributor, etc. The World Bank
Date of publication, distribution, etc. 1946
300 ## - PHYSICAL DESCRIPTION
Extent 22p.
Dimensions 27cm.
650 ## - SUBJECT ADDED ENTRY--TOPICAL TERM
Source of heading or term The Evolving Role of the World Bank
942 ## - ADDED ENTRY ELEMENTS (KOHA)
Source of classification or shelving scheme
Koha item type BOOKS
Holdings
Withdrawn status Lost status Source of classification or shelving scheme Damaged status Not for loan Home library Current library Date acquired Total Checkouts Barcode Date last seen Price effective from Koha item type
          Mwanza Mwanza 31/03/2020   10000001937 31/03/2020 31/03/2020 BOOKS
          Mwanza Mwanza 31/03/2020   10000001938 31/03/2020 31/03/2020 BOOKS
          Mwanza Mwanza 31/03/2020   10000001939 31/03/2020 31/03/2020 BOOKS
          Mwanza Mwanza 31/03/2020   10000001940 31/03/2020 31/03/2020 BOOKS
          Mwanza Mwanza 31/03/2020   10000001941 31/03/2020 31/03/2020 BOOKS

IRDP © 2019 :: Managed by IRDP ICT Unit